<?xml version="1.0" encoding="UTF-8"?><?xml-stylesheet type="text/xsl" href="static/style.xsl"?><OAI-PMH xmlns="http://www.openarchives.org/OAI/2.0/" xmlns:xsi="http://www.w3.org/2001/XMLSchema-instance" xsi:schemaLocation="http://www.openarchives.org/OAI/2.0/ http://www.openarchives.org/OAI/2.0/OAI-PMH.xsd"><responseDate>2026-04-17T01:50:20Z</responseDate><request verb="GetRecord" identifier="oai:www.recercat.cat:2072/415447" metadataPrefix="marc">https://recercat.cat/oai/request</request><GetRecord><record><header><identifier>oai:recercat.cat:2072/415447</identifier><datestamp>2026-03-25T03:47:35Z</datestamp><setSpec>com_2072_98</setSpec><setSpec>col_2072_378192</setSpec></header><metadata><record xmlns="http://www.loc.gov/MARC21/slim" xmlns:dcterms="http://purl.org/dc/terms/" xmlns:xsi="http://www.w3.org/2001/XMLSchema-instance" xmlns:doc="http://www.lyncode.com/xoai" xsi:schemaLocation="http://www.loc.gov/MARC21/slim http://www.loc.gov/standards/marcxml/schema/MARC21slim.xsd">
   <leader>00925njm 22002777a 4500</leader>
   <datafield ind2=" " ind1=" " tag="042">
      <subfield code="a">dc</subfield>
   </datafield>
   <datafield ind2=" " ind1=" " tag="720">
      <subfield code="a">de Amorim, Antonio Carlos Rodrigues</subfield>
      <subfield code="e">author</subfield>
   </datafield>
   <datafield ind2=" " ind1=" " tag="720">
      <subfield code="a">Marandino, Martha</subfield>
      <subfield code="e">author</subfield>
   </datafield>
   <datafield ind2=" " ind1=" " tag="260">
      <subfield code="c">2013</subfield>
   </datafield>
   <datafield ind2=" " ind1=" " tag="520">
      <subfield code="a">Dialogando com campo dos estudos culturais das ciências e da filosofia da diferença, neste texto escolhemos focar algumas exposições de museus de ciências de diferentes países em que se privilegiam temáticas relacionadas à natureza. A partir de uma breve descrição do jogo dos sentidos culturais que operam tendo como base o realismo da representação e o regime de crença na narrativa, apresentamos destaques da participação ativa e interessada das exposições na produção de discursos que interpelam os visitantes dos museus a tomarem posições identitárias engendradas em relações de poder marcadas por ideias de natureza harmoniosa, esplendorosa, desordenada e espetacular. Destacamos o papel político das pedagogias culturais, no contexto social de museus de ciências, em processos de fabricação de realidades e questionamos suas potencialidades a se abrirem às diferenças.</subfield>
   </datafield>
   <datafield tag="653" ind2=" " ind1=" ">
      <subfield code="a">Estudos culturais das ciências</subfield>
   </datafield>
   <datafield tag="653" ind2=" " ind1=" ">
      <subfield code="a">Linguagem</subfield>
   </datafield>
   <datafield tag="653" ind2=" " ind1=" ">
      <subfield code="a">Artefato expositivos</subfield>
   </datafield>
   <datafield tag="653" ind2=" " ind1=" ">
      <subfield code="a">Diferença</subfield>
   </datafield>
   <datafield tag="653" ind2=" " ind1=" ">
      <subfield code="a">Representação</subfield>
   </datafield>
   <datafield ind2="0" ind1="0" tag="245">
      <subfield code="a">As exposições de museus de ciências inventam culturamente outros mundos naturais?</subfield>
   </datafield>
</record></metadata></record></GetRecord></OAI-PMH>